000 00382nam a22001697a 4500
005 20160622101356.0
008 160622b xxu||||| |||| 00| 0 eng d
020 _a0333-93503-9
041 _aeng
082 _b8869
100 _aSharma,J.K
_92442
245 _aQuantitative Techniques
260 _bMac Millan
_c2008
300 _a893
650 _aManagement
_9241
942 _cBK
999 _c3466
_d3465